都市別在留邦人数 TOP50 - Statistics

General Stats
  • This quiz has been taken 146 times
  • The average score is 30 of 50
Answer Stats
順位 人数 Answer % Correct
3 37,414 ニューヨーク都市圏
99%
33 5,534 北京(中国)
99%
5 32,487 大ロンドン市
98%
4 37,315 上海(中国)
97%
21 10,592 パリ
97%
15 13,546 ソウル特別市
96%
1 64,457 ロサンゼルス都市圏
93%
42 4,068 ベルリン
92%
6 31,366 シンガポール
91%
25 9,398 台北(台湾)
90%
2 51,407 バンコク
89%
10 22,930 香港(中国)
89%
29 6,547 ハノイ
88%
23 10,063 ホーチミン
84%
7 30,324 シドニー都市圏
83%
11 20,401 サンフランシスコ都市圏
82%
17 12,031 シカゴ都市圏
82%
35 5,502 南ジャカルタ
81%
30 6,047 マニラ首都圏
80%
24 9,889 クアラルンプール
75%
8 28,305 バンクーバー都市圏
73%
18 11,840 サンパウロ
73%
13 17,880 トロント大都市圏
71%
12 18,668 メルボルン都市圏
70%
16 13,002 シアトル大都市圏
69%
36 5,383 広州(中国)
65%
49 3,077 フランクフルト
56%
9 23,349 ホノルル
55%
45 3,600 深圳(中国)
53%
38 4,837 ミュンヘン
51%
50 3,067 大連(中国)
51%
39 4,620 ヒューストン
49%
27 7,745 パース都市圏
45%
40 4,346 ダラス
45%
26 8,185 サンディエゴ
43%
41 4,177 ブエノスアイレス
42%
20 10,640 ブリスベン都市圏
40%
22 10,262 オークランド都市圏
40%
34 5,527 アトランタ都市圏
40%
47 3,393 ラスベガス都市圏
31%
14 16,218 サンノゼ都市圏(米国)
28%
28 6,669 デュッセルドルフ
24%
31 5,674 ポートランド都市圏
19%
46 3,429 ケアンズ
19%
44 3,699 カルガリー
17%
37 5,312 蘇州(中国)
16%
19 10,668 ゴールドコースト
12%
48 3,100 新北(台湾)
8%
32 5,630 シーラーチャー
1%
43 3,820 ノバイ(米国)
0%
No matching quizzes found
Score Distribution
Percent of People with Each Score
Percentile by Number Answered
Your Score History
You have not taken this quiz